Ekonomické výhody packingových služieb

V rámci rozvoja logistických aktivít majú prioritu služby co-manufacturingu a co-packingu. Tieto služby prinášajú klientom logistických spoločností flexibilné prepojenie marketingových a výrobných aktivít.

Salvato in:
Dettagli Bibliografici
Autore principale: Pavlík, Emil
Natura: Capitolo di libro
Lingua:slovacco
Soggetti:
Tags: Aggiungi Tag
Nessun Tag, puoi essere il primo ad aggiungerne!!

MARC

LEADER 00000naa a2200000 4500
001 0206756
005 20231208070700.1
041 0 |a slo 
044 |a SK 
245 1 0 |a Ekonomické výhody packingových služieb  |c Emil Pavlík 
520 |a V rámci rozvoja logistických aktivít majú prioritu služby co-manufacturingu a co-packingu. Tieto služby prinášajú klientom logistických spoločností flexibilné prepojenie marketingových a výrobných aktivít. 
610 2 0 |a logistika 
610 2 0 |a balenie 
610 2 0 |a výrobky 
610 2 0 |a outsourcing 
610 2 0 |a služby nevýrobné 
100 1 |a Pavlík, Emil